000 00553nam a22001697a 4500
003 PILC
005 20151216094136.0
008 151216b xxu||||| |||| 00| 0 eng d
020 _a9781904534730
050 _aQD 33 .L959 2008
100 _aLumsden, Cameron
245 _aIB Chemistry higher level :
_binternational baccalaureate revision guide : for exams beginning may 2009
_cCameron Lumsden
250 _a1st edition.
260 _aUnited Kingdom
_bOxford Study Courses
_c2008
300 _a129 pages.,
_bill.,
_c28 cm.
942 _2lcc
_cBK
999 _c289014
_d289014